000 00870nam a22003010a 4500
001 PT53546
003 AR-LpoUNG
005 20210131231558.0
008 191001s2012||||ag |||||||||||||||||spa d
020 _a9789500735261
_c$8,03
040 _aAR-LpoUNG
_bspa
_cAR-LpoUNG
_eaacr
041 _aspa
044 _aag
082 0 _a808.068 3 577niñ
100 1 _aAndruetto, María Teresa
245 1 3 _aLa niña, el corazón y la casa
250 _a1ra. ed.
260 _aBuenos Aires :
_bSudamericana,
_c2012.
300 _a93 p. :
_bil.
505 0 _aEl ejemplar LI00058817 corresponde a la 2da. edición del año 2012
505 0 _aSugerido a partir de 14 años (etiqueta VERDE)
650 4 _aLITERATURA
650 4 _aNOVELAS
651 4 _aDOCUMENTOS TEORICOS O METODOLOGICOS
653 _aLITERATURA INFANTOJUVENIL
905 _a53546
942 _cLIB
999 _c10855
_d10855